Student mastery activities to accompany How to design and evaluate research in education
Student Mastery Activities Book The Student Mastery Activities book contains 100 activities that allow student to practice with key concepts explained in the text. The book is designed so it can be used for homework assignments or independent study.
Na minha lista:
| Autor principal: | |
|---|---|
| Formato: | Livro |
| Idioma: | Undetermined |
| Publicado em: |
Boston
McGraw-Hill
2006
|
| Assuntos: | |
| Tags: |
Adicionar Tag
Sem tags, seja o primeiro a adicionar uma tag!
|
| Thư viện lưu trữ: | Trung tâm Học liệu Trường Đại học Cần Thơ |
|---|
| LEADER | 00890nam a2200205Ia 4500 | ||
|---|---|---|---|
| 001 | CTU_187022 | ||
| 008 | 210402s9999 xx 000 0 und d | ||
| 082 | |a 370.72 | ||
| 082 | |b F797 | ||
| 100 | |a Fraenkel, Jack R. | ||
| 245 | 0 | |a Student mastery activities to accompany How to design and evaluate research in education | |
| 245 | 0 | |c Jack R. Fraenkel, Norman E. Wallen | |
| 260 | |a Boston | ||
| 260 | |b McGraw-Hill | ||
| 260 | |c 2006 | ||
| 520 | |a Student Mastery Activities Book The Student Mastery Activities book contains 100 activities that allow student to practice with key concepts explained in the text. The book is designed so it can be used for homework assignments or independent study. | ||
| 650 | |a Education,Giáo dục | ||
| 650 | |x Research,Methodology,Nghiên cứu,Phương pháp | ||
| 910 | |a Hải | ||
| 980 | |a Trung tâm Học liệu Trường Đại học Cần Thơ | ||